| 000 | 00932nam a2200265 a 4500 | ||
|---|---|---|---|
| 003 | CO-ViMGA | ||
| 005 | 20230915233139.0 | ||
| 008 | 141121s2014 mx a gr 00010 spa d | ||
| 020 | _a9788415601647 | ||
| 040 |
_aCO-ViMGA _bspa _cCO-ViMGA |
||
| 041 | 1 | _heng | |
| 082 | 0 | 4 |
_a701.18 L31r _221 |
| 100 | 1 |
_aLeader, Darian. _94236 |
|
| 245 | 1 | 3 |
_aEl robo de la Mona Lisa : _blo que el arte nos impide ver / _cDarian Leader ; traducción de Elisa Corona Aguilar. |
| 260 |
_aMéxico D. F. : _bSexto Piso, _c2014. |
||
| 300 |
_a187 páginas ; _c23 cm. |
||
| 490 | 1 | _aEnsayo | |
| 534 |
_pTítulo original : _tStealing the Mona Lisa. What art stops us from seeing. |
||
| 650 | 1 | 4 |
_aApreciación del arte. _94237 |
| 650 | 1 | 4 |
_aArte _v Teorías. _94238 |
| 650 | 1 | 4 |
_aArte _x Aspectos psicológicos. _94240 |
| 650 | 1 | 4 |
_aPsicoanálisis y arte. _94239 |
| 700 | 1 |
_aCorona Aguilar, Elisa, _d1981-, _etraductor. _94241 |
|
| 942 |
_2ddc _cBK |
||
| 999 |
_c35706 _d35706 |
||